000 00616nas a2200217 4500
001 BR9508628
003 BR-BrBNA
005 20231205094532.0
007 ta
008 230509b bl.|||p| |||| 00| 00por d
040 _aBR-BrBNA
_bpor
_cBiblioteca Nacional de Agricultura
041 _a(Pt)
072 _aF01
100 1 _aReche, A.
245 1 _aA notavel adptacao da ponca no solo e clima brasileiros
650 _aTangerina
650 _aSao Paulo
773 0 _tAgricultura de Hoje (Brazil)
_x
_g(Jul 1977), v. 3(27) p. 30-33
_wBR9508628
909 _a202311
_bLúcia
_c55
_dLúcia Elande
942 _2AGRIS
_n0
_cANA
999 _c145050
_d145050